00517nam a2200145Ia 4500008004000000082001300040100001500053245006800068260004600136300000800182690002000190906001100210999001700221952013300238210210b1985 xxu||||| |||| 00| 0 eng d a023 DATA aDATTA (N). aAcademic status for university and College Librarians in India. aDelhibIndian Bibliographies Bureauc1985 a208 aLibrary Science a037637 c87988d87988 001040708Library ScienceaALbALcLibrary Scienced2021-02-17g0.00l0o023 DATAp037637r2021-02-17 00:00:00w2021-02-17yBK